Extracto de las deliberaciones y acuerdos del Congreso Marítimo Nacional. (Record no. 61494)

MARC details
000 -LEADER
campo de control de longitud fija 00588nam a2200181 i 4500
001 - NÚMERO DE CONTROL
campo de control 61494
003 - IDENTIFICADOR DE NÚMERO DE CONTROL
campo de control ES-MaACL
005 - FECHA Y HORA DE LA ÚLTIMA TRANSACCIÓN
campo de control 20250809010601.0
007 - CAMPO FIJO DE DESCRIPCIÓN FÍSICA--INFORMACIÓN GENERAL
campo de control de longitud fija t|
008 - DATOS DE LONGITUD FIJA--INFORMACIÓN GENERAL
campo de control de longitud fija 031112s1901 sp ||||1| spa d
245 00 - MENCIÓN DEL TÍTULO
Título Extracto de las deliberaciones y acuerdos del Congreso Marítimo Nacional.
260 ## - PUBLICACIÓN, DISTRIBUCIÓN, ETC.
Lugar de publicación, distribución, etc. Madrid :
Nombre del editor, distribuidor, etc. [s.n.,
Fecha de publicación, distribución, etc. 1901] (
Fabricante Suc. de M. Minuesa de los Ríos)
300 ## - DESCRIPCIÓN FÍSICA
Extensión 221 p. ;
Dimensiones 23 cm.
650 #4 - PUNTO DE ACCESO ADICIONAL DE MATERIA--TÉRMINO DE MATERIA
Término de materia o nombre geográfico como elemento de entrada Marina mercante-
Subdivisión geográfica España
9 (RLIN) 14791
711 2# - ENTRADA AGREGADA--NOMBRE DE REUNIÓN
Nombre de congreso/reunión o jurisdicción como elemento de entrada Congreso Marítimo Nacional (
Fecha del congreso o de la firma del tratado 1901.
Sede del congreso/Lugar de la reunión Madrid)
9 (RLIN) 152794
852 ## - LOCALIZACIÓN
Ubicación ES-MaACL
Número de control de estantería G-1480
Holdings
Estatus retirado Estado de pérdida Estado de daño No para préstamo Biblioteca de origen Biblioteca actual Ubicación en estantería Fecha de adquisición Fuente de adquisición Total de préstamos Signatura topográfica completa Código de barras Visto por última vez Precio de reemplazo Tipo de ítem Koha
        Biblioteca del Ateneo de Madrid Biblioteca del Ateneo de Madrid Depósito 2 17/01/2008     G-1480 1064479 23/02/2023 23/02/2023 Libro impreso antiguo